Ekonomika a reklama Slovenská vláda uvažuje o obmedzení výdavkov na reklamu

Nepriame náznaky prípravy obmedzenia výdavkov na reklamu pripravované v návrhu štátneho rozpočtu na r.1995, dôsledky - postihnutých by bolo asi 3 tis. firiem (noviny, súkromné rozhlasové a televízne štúdiá, výrobné podniky, investičné spoločnosti). Úlohy a postavenie reklamy, ekonomický význam. Čo j...

ver descrição completa

Na minha lista:
Detalhes bibliográficos
Formato: Capítulo de Livro
Idioma:eslovaco
Assuntos:
Tags: Adicionar Tag
Sem tags, seja o primeiro a adicionar uma tag!

MARC

LEADER 00000naa a2200000 4500
001 r016962
005 20221205102920.2
041 0 |a slo 
044 |a SK 
245 1 0 |a Ekonomika a reklama  |b Slovenská vláda uvažuje o obmedzení výdavkov na reklamu 
520 |a Nepriame náznaky prípravy obmedzenia výdavkov na reklamu pripravované v návrhu štátneho rozpočtu na r.1995, dôsledky - postihnutých by bolo asi 3 tis. firiem (noviny, súkromné rozhlasové a televízne štúdiá, výrobné podniky, investičné spoločnosti). Úlohy a postavenie reklamy, ekonomický význam. Čo je a čo nie je reklama. 
610 2 0 |a reklama 
610 2 0 |a propagácia 
610 2 0 |a predaj 
610 2 0 |a výdavky 
610 2 0 |a Slovensko 
610 2 0 |a svet 
610 2 0 |a údaje štatistické